Chuyển đến nội dung
Inicio
Centros participantes
Catálogo
Servicios
Contacto
Đăng nhập
English
Deutsch
Español
Français
Italiano
日本語
Nederlands
Português
Português (Brasil)
中文(简体)
中文(繁體)
Türkçe
עברית
Gaeilge
Cymraeg
Ελληνικά
Català
Euskara
Русский
Čeština
Suomi
Svenska
polski
Dansk
slovenščina
اللغة العربية
বাংলা
Galego
Tiếng Việt
Hrvatski
हिंदी
Հայերէն
Українська
Sámegiella
Ngôn ngữ
Tất cả các trường
Tiêu đề
Tác giả
Chủ đề
Số hiệu
số ISBN/ISSN
Nhãn
Tìm kiếm
Nâng cao
El Presupuesto de la comunidad...
Trích dẫn điều này
Email này
In
Xuất bản ghi
Xuất tới RefWorks
Xuất tới EndNoteWeb
Xuất tới EndNote
Lưu vào danh sách
Liên kết dài hạn
Agregar primera valuación
El Presupuesto de la comunidad europea
Đã lưu trong:
Chi tiết về thư mục
Tác giả của công ty:
Comunidad Europea
Định dạng:
Texto
Được phát hành:
s.l:
CE
Các nhãn:
Thêm thẻ
Không có thẻ, Là người đầu tiên thẻ bản ghi này!
Đang giữ
Miêu tả
Những bình luận
Những quyển sách tương tự
Chế độ xem nhân viên
MARC
LEADER
00000 a a2200000 04500
001
23079
003
040
020
|a
92-825-5615-8
090
|a
159200
110
|a
Comunidad Europea
245
|a
El Presupuesto de la comunidad europea
260
|a
s.l:
|b
CE
300
|a
72 p
|b
**no definido**
|b
il.
|b
fonodiscos
999
|c
5856
|d
5856
Những quyển sách tương tự
El Desafío de la paz en Centroamérica
Bằng: Fernández, Guido
La Política de la administración norteamericana sobre el crecimiento y la deuda en América Latina /Corporación de Investigaciones Económicas para Latinoamerica
Bằng: Taylor, Paul D
El Salvador: Perspectivas de Paz, versión preliminar /
Bằng: Córdova Macías, Ricardo
El Desarrollo social en los años noventa: principales opciones /
Juntos por los caminos de la paz: visita del Presidente de Costa Rica Doctor Oscar Arias Sánchez a México
Bằng: Regidor Mattey, Jorge Emilio